000 00334nam a22001217a 4500
999 _c3438
_d3438
005 20201201151337.0
008 201201b ||||| |||| 00| 0 eng d
020 _a002585
040 _cCML
245 _aFinal War.
_cWhite E.G.
260 _aArizona
_bInspiration Books
_c1979
942 _2ddc
_cBK
_e1st Edition
_h235
_mWHI